1246 1622 1391 1138 1625 1183 1558 1122 1634 1298 1992 1264 1072 1799 1069 1399 1001 1622 1335 1956 1314 1052 1105 1312 1255 1055 1359 1920 1360 1186 1240 1745 1606 1633 1126 1902 1727 1313 1128 1571 1236 1630 1946 1026 1267 1736 1799 1749 1848 1346 1971 1416 1202 1530 1355 1715 1728 1185 1894 1980 1425 1669 1196 1629 1800 1018 1223 1468 1163 1756 1099 1108 1815 1500 1507 1869 1194 1155 1955 1435 1759 1526 1888 1407 1993 1570 1633 1918 1973 1155 1897 1411 1561 1483 1351 1271 1372 1092 1792 BCNSPRNW ULIB Ver.6.0+V

เปลี่ยนเป็นภาษาไทย

Change to English
 แสดงรายละเอียดบรรณานุกรม
  กลับหน้าหลัก

Brief Record : Get Marc (ISO 2709) : E-mail record : QR code < ปิดหน้าต่าง
LEADER : 00000nam 2200000uu 4500
001    13399113623
003     ULIB
008    111207s2552||||th 000 0 tha d
020    ^a9789747519198
090    ^aนว.^bธ761ส 2552
100 0  ^aธุวดารา
245 00 ^aสะใภ้มือใหม่/^cธุวดารา
250    ^aพิมพ์ครั้งที่ 1
260    ^aกรุงเทพฯ :^bSugar Beat,^c2552
300    ^a340 หน้า
710 1  ^aSugar Beat
945    ^p240^l0^i16295
995    ^aทศพร
999 ^a ทศพร
รายการนี้ยังไม่มีแท็ก
คุณยังไม่ได้ล็อกอิน คุณสามารถมีกิจกรรมร่วมกับเว็บไซต์ได้ แต่ต้องล็อกอินก่อน ::
  ล็อกอิน

รายการสื่อสารสนเทศ

ลำดับที่ ประเภท เลขเรียก/บาร์โค้ด สถานที่ สถานะ
1. นวนิยาย
นวนิยาย
นว. ธ761ส 2552 ฉ.1 
  Barcode: 16295
ห้องสมุดวิทยาเขตสวรรค์ประชารักษ์
►นวนิยาย
บนชั้น
  ขอยืม

รายการใกล้เคียง
    ผู้แต่ง [ธุวดารา]

BibComment


ยังไม่เคยถูกคอมเมนท์

คอมเมนท์ทรัพยากรรายการนี้
  คอมเมนท์: สะใภ้มือใหม่ ธุว..


 Copyright 2026. Bcnsprnw @Library